000 00441pab a2200169 454500
008 180718b2010 xxu||||| |||| 00| 0 eng d
100 _aSmith, Rachel
245 _aConsumer literacy for credence services: Helping the invisible hand
260 _c2010
300 _ap.598-606.
362 _aFall
650 _aConsumer education
700 _aRoyne, Marla B.
773 _aJournal of Consumer Affairs
908 _aN
909 _a90031
999 _c90031
_d90031